000 00447nam a22001697a 4500
020 _a0471739243
082 _a515.076
100 _a Hughes-Hallett, Deborah
245 _aStudent study guide : to accompany Applied calculus
250 _a3rd ed.
260 _aNew York
_b John Wiley
_c2006
300 _axii, 192 p.
_bill.:
_e30 cm.
500 _aIndex includes.
650 _a1. Calculus
700 _aGleason Andrew M (et al)
942 _cBK
999 _c11941
_d11941